International Integration of Equity Markets and Contagion Effects
Saved in:
| Main Author: | |
|---|---|
| Other Authors: | , |
| Format: | Book |
| Language: | English |
| Published: |
Washington
International Monetary Fund
1995
|
| Edition: | 1. ed. |
| Series: | IMF Working Paper
110 |
| Subjects: | |
| Tags: |
No Tags, Be the first to tag this record!
|
MARC
| LEADER | 00000nam a2200000 4500 | ||
|---|---|---|---|
| 001 | c017231 | ||
| 005 | 20221205133136.3 | ||
| 041 | 0 | |a eng | |
| 044 | |a US | ||
| 245 | 1 | 0 | |a International Integration of Equity Markets and Contagion Effects |c Paul Cashin, Manmohan S. Kumar, C. John MacDermott |
| 250 | |a 1. ed. | ||
| 264 | 1 | |a Washington |b International Monetary Fund |c 1995 | |
| 300 | |a 47 s. | ||
| 490 | 1 | |a IMF Working Paper |v 110 | |
| 830 | 0 | |a IMF Working Paper |v 110 | |
| 610 | 2 | 0 | |a integrácia |
| 610 | 2 | 0 | |a trh finančný |
| 610 | 2 | 0 | |a akcie |
| 610 | 2 | 0 | |a ceny |
| 610 | 2 | 0 | |a analýza trhu |
| 610 | 2 | 0 | |a pohyb kapitálu |
| 610 | 2 | 0 | |a trh kapitálový |
| 100 | 1 | |a Cashin, Paul | |
| 700 | 1 | |a Kumar, Manmohan S. | |
| 700 | 1 | |a MacDermott, C. John | |